000 00975nam a22003017a 4500
001 BR8902137
003 BR-BrBNA
005 20230928093215.0
007 ta
008 230509b bl.||||| |||| 00| 0 por d
040 _aBR-BrBNA
_bpor
_cBiblioteca Nacional de Agricultura
041 _a(Por)
072 _aP06
090 _ P06 BR8902137
100 1 _aVitti, L.S.S.
110 1 _aEscola Superior de Agricultura Luiz de Queiroz, Piracicaba, SP (Brasil)
_0Tese (Mestre em Agronomia)
245 1 _aCondicoes de producao e atividade da celulase do fungo Aspergillus sp. e de seus mutantes isolados de bagaco de cana
260 3 _aPiracicaba, SP (Brasil):
_c1988.
300 _a123 p.
500 _a13 illus.; 11 tables; Bibliography p. 97-107 (70 ref.); Summaries (Eng, Por)
650 _aCELULASE
650 _aENZIMA
650 _aRECURSO ENERGETICO
650 _aBAGACO
650 _aCANA DE ACUCAR
909 _a202309
_bLucia
_c55
_dLucia Elande
942 _cBK
999 _c43624
_d43624